000 01283cam a22003011i 4500
003 SA-RiAUC
005 20251014083922.0
008 251008s2002 su g 00000 ara c
020 _a9960705099
040 _aSA-MaUQU
_bara
_cSA-RiAUC
_erda
050 4 _b.A88 2002
082 0 4 _a081
_qSA-RiAUC
090 _a081
_bع ط ا
100 1 _aعطار، أحمد بن عبد الغفور بن محمد نور،
_d1337-1411 هجري
_eمؤلف.
245 1 0 _aكتابي :
_bآراء وأبحاث شتى في الأدب والفلسفة وما يتعلق بهما /
_cتأليف أحمد عبد الغفور عطار.
250 _aالطبعة الأولى.
264 1 _aجدة [السعودية] :
_bمؤسسة عكاظ للصحافة والنشر،
_c2002
300 _a187 صفحة ؛
_c24 سم
336 _aنص
_btxt
_2rdacontent
_3كتاب
337 _aبدون وسيط
_bn
_2rdamedia
338 _aمجلد
_bnc
_2rdacarrier
650 7 _aالمقالات العربية
_zالسعودية
_yقرن 14 هجري
_2aucsh
650 7 _aالأدب العربي
_vمقالات ومحاضرات
_2aucsh
650 7 _aالفلسفة
_vمقالات ومحاضرات
_2aucsh
653 _aالآداب
942 _2ddc
_cBOOK
_n0
949 _aSA-JeALM
_d251008
_umohamedma123
_n1
999 _c12554
_d12554